Agrarwirtschaft Zeitschrift für Betriebswirtschaft, Marktforschung und Agrarpolitik

Salvato in:
Dettagli Bibliografici
Natura: Periodico
Lingua:tedesco
Pubblicazione: Hannover Alfred Strothe 1980
Tags: Aggiungi Tag
Nessun Tag, puoi essere il primo ad aggiungerne!!

MARC

LEADER 00000nas2a22000001 4500
001 s123546
005 20250730114221.1
041 0 |a ger 
044 |a DE 
245 1 0 |a Agrarwirtschaft  |b Zeitschrift für Betriebswirtschaft, Marktforschung und Agrarpolitik 
264 1 |a Hannover  |b Alfred Strothe  |c 1980 
300 |a 1 zv. 
773 0 |w eu_un_cat*s120070